00682nam a2200229 4500003001100000005001700011008004100028020001500069040003900084041000800123082001700131100001900148245002700167260003400194300003400228490002900262650001600291650003200307942000700339952009100346999001500437LK-CoMWRAF20231206134215.0230924b1996 |||||||| |||| 00| 0 eng d a8175540079 aLK-CoMWRAFdLK-CoMWRAFeLK-CoMWRAF aeng a658.385bRED aRedman, Warren aCounselling your staff aNew Delhi:bKogan page,c1996 a112 p.bBibliography included aBetter management skills aCOUNSELLING aCommunication in management cBK 00104070aMAINbMAINd2023-09-24l0o658.385 REDpRAF747r2023-09-24w2023-09-24yBK c3648d3648